UBT Library

Theory of Culture Change the Methodology of multilinear evolution (Record no. 57591)

000 -LEADER
fixed length control field 00353nam a22001457a 4500
008 - FIXED-LENGTH DATA ELEMENTS--GENERAL INFORMATION
fixed length control field 210521b ||||| |||| 00| 0 eng d
020 ## - INTERNATIONAL STANDARD BOOK NUMBER
International Standard Book Number 0252002954
041 ## - LANGUAGE CODE
Language code of text/sound track or separate title eng
080 ## - UNIVERSAL DECIMAL CLASSIFICATION NUMBER
Universal Decimal Classification number 574
082 ## - DEWEY DECIMAL CLASSIFICATION NUMBER
Classification number 574
100 ## - Rafti
Rafti 9
101 ## - Shkurtesa
Shkurtesa MJE
245 ## - TITLE STATEMENT
Title Theory of Culture Change the Methodology of multilinear evolution
Statement of responsibility, etc Steward,J.H
942 ## - ADDED ENTRY ELEMENTS (KOHA)
Source of classification or shelving scheme
Item type Books
Holdings
Withdrawn status Lost status Source of classification or shelving scheme Damaged status Not for loan Collection code Permanent location Current location Shelving location Date acquired Total Checkouts Full call number Barcode Date last seen Price effective from Koha item type
          Koleksioni i përgjithshem UBT - Lipjan UBT - Lipjan Koleksioni i përgjithshem 05/21/2021   574 STE 002-7002800 05/21/2021 05/21/2021 Books
UBT Library © 2015-2024. All rights reserved University Education for Business and Technology